Calvin or Hobbes Quotes Quiz Stats

 Plays Quiz Updated Dec 2, 2015

Also try: Quotable Who? II
Challenge
Share
Tweet
Embed
Score 0/15 Timer 04:00
0 Plays Today
Quote (C)alvin or (H)obbes % Correct
It's a lot more fun to blame things than to fix them.???
93%
It's hard to be religious when certain people are never incinerated by bolts of lightning. ???
86.5%
Van Gogh would've sold more than one painting if he'd put tigers in them.???
86.3%
The problem with tigers is that they have no setting between 'off' and 'high'.???
83.4%
[People] only recognize greatness when some authority confirms it.???
80.8%
I had resolved to be less offended by human nature, but I think I blew it already.???
72.3%
Sometimes I think the surest sign that intelligent life exists elsewhere in the universe is that none of it has tried to contact us.???
69.6%
The purpose of writing is to inflate weak ideas, obscure poor reasoning, and inhibit clarity.???
66%
Quote (C)alvin or (H)obbes % Correct
I suppose if we couldn't laugh at things that don't make sense, we couldn't react to a lot of life.???
61.9%
So the secret to good self-esteem is to lower your expectations to the point where they're already met????
57.1%
Tigers will do anything for a tuna fish sandwich!???
53.4%
I CAME FROM SEARS?!?!???
48.4%
I wonder what people knew before there were magazine quizzes.???
39.9%
Virtue needs some cheaper thrills.???
33%
Why waste time learning, when ignorance is instantaneous.???
21.5%

You're not logged in!

Compare scores with friends on all Sporcle quizzes.
Join for Free
OR
Log In

You Might Also Like...

Show Comments

Extras

Top Quizzes Today


Score Distribution

Your Account Isn't Verified!

In order to create a playlist on Sporcle, you need to verify the email address you used during registration. Go to your Sporcle Settings to finish the process.

Report this User

Report this user for behavior that violates our Community Guidelines.

Details: